=LDR 00000nam 2200000 4500 =001 INLIS000000000033633 =005 20200304020852 =035 ##$$a 0010-061300000033633 =008 200304################g##########0#ind## =041 ##$$a ind =082 ##$$a 100 =090 ##$$a 100, Rav,f =100 ##$$a Ravertz, Jerome R =245 1#$$a Filsafat Ilmu : $b Sejarah dan ruang lingkup bahasan /$c Jerome R Ravertz; Penerjemah, Saut Pasaribu =260 ##$$a Yogyakarta :$b Pustaka Pelajar,$c 2006 =300 ##$$a viii,225 hlm., ; $c 20 x 14 cm. =650 #4$$a Ilmu Filsafat =700 #$$a Pasaribu,Saut =850 ##$$a NBPNMAT =020 ##$$a 979-3477-50-4 =084 ##$$a 100 RAV f =500 ##$$a Judul Asli : The Philosophy of science =990 ##$$a 30903466 =990 ##$$a 30903466